|
|
|
|
| LEADER |
00000nam0a2200000 4500 |
| 001 |
232458 |
| 005 |
20231101231155.0 |
| 035 |
|
|
|a (RuTPU)RU\TPU\book\253504
|
| 090 |
|
|
|a 232458
|
| 100 |
|
|
|a 20130213d2012 m y0rusy50 ca
|
| 101 |
0 |
|
|a rus
|
| 102 |
|
|
|a RU
|
| 105 |
|
|
|a a j 001zy
|
| 200 |
1 |
|
|a Особенности проведения геофизических исследований в скважинах при изучении и освоении инфильтрационных (гидрогенных) месторождений урана
|e учебное пособие
|f В. Г. Язиков, А. В. Легавко
|g Национальный исследовательский Томский политехнический университет (ТПУ)
|
| 210 |
|
|
|a Томск
|c Изд-во ТПУ
|d 2012
|
| 215 |
|
|
|a 95 с.
|c ил.
|
| 320 |
|
|
|a Библиогр.: с. 87-88.
|
| 330 |
|
|
|a В пособии изложены основные понятия, термины, этапы и методы геофизических исследований скважин при изучении и освоении инфильтрационных (гидрогенных) месторождений урана. Отражены принципы проведения исследований в скважинах, показывается современная основная аппаратурная база для проведения геофизических работ, а также нормативная документация для проведения работ на месторождениях с отработкой способом подземного скважинного выщелачивания. Предназначено для студентов бакалавриата и магистрантов, обучающихся по направлению 020700 «Геология», профиль «Геология месторождений радиоактивного сырья», а также для круга читателей, занимающихся изучением месторождений урана.
|
| 452 |
|
1 |
|0 (RuTPU)RU\TPU\book\256211
|t Особенности проведения геофизических исследований в скважинах при изучении и освоении инфильтрационных (гидрогенных) месторождений урана
|o учебное пособие
|f В. Г. Язиков, А. В. Легавко
|g Национальный исследовательский Томский политехнический университет (ТПУ)
|c Томск
|n Изд-во ТПУ
|d 2012
|a Язиков, Виктор Григорьевич
|
| 606 |
1 |
|
|a Урановые руды
|x Месторождения
|x Поиски и разведка
|2 stltpush
|3 (RuTPU)RU\TPU\subj\63217
|9 80248
|
| 610 |
1 |
|
|a геофизические исследования
|
| 610 |
1 |
|
|a инфильтрационные месторождения
|
| 610 |
1 |
|
|a скважины
|
| 610 |
1 |
|
|a геофизические методы
|
| 610 |
1 |
|
|a керн
|
| 610 |
1 |
|
|a радиометрический промер
|
| 610 |
1 |
|
|a пробы
|
| 610 |
1 |
|
|a лабораторный анализ
|
| 610 |
1 |
|
|a аппаратура
|
| 610 |
1 |
|
|a оборудование
|
| 610 |
1 |
|
|a учебные пособия
|
| 610 |
1 |
|
|a труды учёных ТПУ
|
| 675 |
|
|
|a 553.495:550.8(075.8)
|v 3
|
| 700 |
|
1 |
|a Язиков
|b В. Г.
|g Виктор Григорьевич
|
| 701 |
|
1 |
|a Легавко
|b А. В.
|g Александр Васильевич
|
| 712 |
0 |
2 |
|a Национальный исследовательский Томский политехнический университет (ТПУ)
|c (2009- )
|2 stltpush
|3 (RuTPU)RU\TPU\col\15902
|
| 801 |
|
1 |
|a RU
|b 63413507
|c 20130213
|
| 801 |
|
2 |
|a RU
|b 63413507
|c 20130404
|g RCR
|
| 900 |
|
|
|a Геофизические исследования скважин
|
| 942 |
|
|
|c BK
|